Природные биологически активные вещества в сельском хозяйстве (Запись № 9938260)

Подробности
000 -МАРКЕР
контрольное поле 02454nam0a2200409 i 4500
001 - ИДЕНТИФИКАТОР ЗАПИСИ
контрольное поле RU\NLR\BIBL_A\010750329
005 - ИДЕНТИФИКАТОР ВЕРСИИ
контрольное поле 20260405153453.0
010 ## - МЕЖДУНАРОДНЫЙ СТАНДАРТНЫЙ НОМЕР КНИГИ (ISBN)
Номер (ISBN) 9785933822363
Тираж 500
021 ## - НОМЕР ГОСУДАРСТВЕННОЙ РЕГИСТРАЦИИ
Код страны российская федерация
Номер 2015-22605
Номер Листа государственной регистраци 1346
035 ## - ДРУГИЕ СИСТЕМНЫЕ НОМЕРА
Идентификатор записи (NILC)RuMoRGB-007897618
035 ## - ДРУГИЕ СИСТЕМНЫЕ НОМЕРА
Идентификатор записи (NLR Aleph) 010750329
100 ## - ДАННЫЕ ОБЩЕЙ ОБРАБОТКИ
Данные общей обработки 20150512d2014 km y0rusy50 ca
101 0# - ЯЗЫК РЕСУРСА
Язык текста, звукозаписи и т.д. русский
102 ## - СТРАНА ПУБЛИКАЦИИ ИЛИ ПРОИЗВОДСТВА
Страна публикации российская федерация
105 ## - ПОЛЕ КОДИРОВАННЫХ ДАННЫХ: ТЕКСТОВЫЕ МАТЕРИАЛЫ, МОНОГРАФИЧЕСКИЕ
Кодированные данные о монографическом текстовом документе a|||z||||01yy
200 1# - ЗАГЛАВИЕ И СВЕДЕНИЯ ОБ ОТВЕТСТВЕННОСТИ
Основное заглавие Природные биологически активные вещества в сельском хозяйстве
Сведения, относящиеся к заглавию монография
Первые сведения об ответственности [Гагарина И. Н. , доц., к. с.-х. н., Гаврилова А. Ю., преп., к. б. н., Прудникова Е. Г., доц., к. с.-х. н., Хилкова Н. Л., доц., к. х. н.]
Последующие сведения об ответственности М-во сел. хоз-ва РФ, Федеральное гос. бюджетное образовательное учреждение высшего проф. образования "Орловский гос. аграрный ун-т"
210 ## - ПУБЛИКАЦИЯ, РАСПРОСТРАНЕНИЕ И ДР.
Место издания, распространения и т.д. Орел
Имя издателя, распространителя и т. д. Изд-во Орел ГАУ
Дата издания, распространения и т.д. 2014
215 ## - ФИЗИЧЕСКАЯ ХАРАКТЕРИСТИКА
Специфическое обозначение материала и объем 154 с.
Другие сведения о физической характеристике ил.
Размеры 20
300 ## - ОБЩИЕ ПРИМЕЧАНИЯ
Текст примечания Авт. указаны на обороте тит. л.
320 ## - ПРИМЕЧАНИЯ О НАЛИЧИИ В ДОКУМЕНТЕ БИБЛИОГРАФИИ / УКАЗАТЕЛЯ
Текст примечания Библиогр.: с. 148-154 (91 назв.)
606 1# - НАИМЕНОВАНИЕ ТЕМЫ КАК ПРЕДМЕТ
Наименование темы Сельскохозяйственные растения
Тематический подзаголовок Устойчивость к болезням и вредителям
-- Влияние иммуномодуляторов
Системный номер авторитетной/нормативной записи 2207190
Идентификатор авторитетной/нормативной записи RU\NLR\AUTH\6601560372
606 ## - НАИМЕНОВАНИЕ ТЕМЫ КАК ПРЕДМЕТ
Наименование темы Биологически активные вещества растений
Системный номер авторитетной/нормативной записи 2254587
Идентификатор авторитетной/нормативной записи RU\NLR\AUTH\661352167
686 1# - ИНДЕКСЫ ДРУГИХ КЛАССИФИКАЦИЙ
Индекс П415.8
686 1# - ИНДЕКСЫ ДРУГИХ КЛАССИФИКАЦИЙ
Индекс П127.253.7
701 #1 - ИМЯ ЛИЦА - АЛЬТЕРНАТИВНАЯ ОТВЕТСТВЕННОСТЬ
Начальный элемент ввода Гагарина
Часть имени, кроме начального элемента ввода И. Н.
Дополнения к именам, кроме дат канд. с.-х. наук
Даты 1965-
Расширение инициалов личного имени Ирина Николаевна
Системный номер авторитетной/нормативной записи 188001
Идентификатор авторитетной/нормативной записи RU\NLR\AUTH\770188052
701 #1 - ИМЯ ЛИЦА - АЛЬТЕРНАТИВНАЯ ОТВЕТСТВЕННОСТЬ
Материалы, к которым относится поле rus
Графика поля Кириллица
Начальный элемент ввода Гаврилова
Часть имени, кроме начального элемента ввода А. Ю.
Дополнения к именам, кроме дат учитель биологии
Расширение инициалов личного имени Анна Юрьевна
Идентификатор авторитетной/нормативной записи RU\NLR\AUTH\7764487
Системный номер авторитетной/нормативной записи 47416
701 #1 - ИМЯ ЛИЦА - АЛЬТЕРНАТИВНАЯ ОТВЕТСТВЕННОСТЬ
Начальный элемент ввода Прудникова
Часть имени, кроме начального элемента ввода Е. Г.
Расширение инициалов личного имени Елена Геннадьевна
701 #1 - ИМЯ ЛИЦА - АЛЬТЕРНАТИВНАЯ ОТВЕТСТВЕННОСТЬ
Начальный элемент ввода Хилкова
Часть имени, кроме начального элемента ввода Н. Л.
Расширение инициалов личного имени Наталья Леонидовна
712 02 - НАИМЕНОВАНИЕ ОРГАНИЗАЦИИ - ВТОРИЧНАЯ ОТВЕТСТВЕННОСТЬ
Код отношения Издающая организация
Начальный элемент ввода Орловский государственный аграрный университет
Системный номер авторитетной/нормативной записи 846838
Идентификатор авторитетной/нормативной записи RU\NLR\AUTH\880590601
801 #0 - ИСТОЧНИК ЗАПИСИ
Страна российская федерация
Организация РГБ
Дата составления 20150325
Правила каталогизации RCR
801 #1 - ИСТОЧНИК ЗАПИСИ
Страна российская федерация
Организация РГБ
Дата составления 20150325
Источник данных rusmarc
942 ## - ДОПОЛНИТЕЛЬНЫЕ ЭЛЕМЕНТЫ ЗАПИСИ (АБИС)
Тип экземпляра АБИС Книга
980 ## - КОЛЛЕКЦИЯ
Название коллекции НБР

Нет доступных экземпляров.